| 000 | 00737nam a2200229 4500 | ||
|---|---|---|---|
| 001 | 144357 | ||
| 003 | ES-MaACL | ||
| 005 | 20230906201012.0 | ||
| 007 | t| | ||
| 008 | 070214s1977 sp r ||||1| spa d | ||
| 100 | 1 |
_aSigmann, Jean. _9106308 |
|
| 245 | 1 | 0 |
_a1848 _b: las revoluciones románticas y democráticas de Europa / _cJean Sigmann ; traducción de Víctor Testa. |
| 250 | _a1ª. ed. | ||
| 260 |
_aMadrid : _bSiglo Ventiuno, _c1977. |
||
| 300 |
_a305 p. ; _c20 cm. |
||
| 490 | 1 | _aHistoria de los movimientos sociales | |
| 700 | 1 |
_aTesta, Víctor. _9109829 |
|
| 830 | 0 |
_aHistoria de los movimientos sociales _9180737 |
|
| 852 |
_aES-MaACL _jE-225 _bR.100826 |
||
| 852 |
_aES-MaACL _jA-6581 _bR.95691 |
||
| 999 |
_c144357 _d144357 |
||